Sala de tapices /

Artemio de Valle-Arizpe nació en Saltillo, Coahuila en 1884 y murió en la ciudad de México en 1961. Ocupó cargos diplomáticos en varios países europeos. Su obra se ocupó con pasión de sucesos y leyendas históricos, más con un interés por la narración literaria que por la documentación y elaboración...

Полное описание

Сохранить в:
Библиографические подробности
Главный автор: Valle-Arizpe, Artemio de (autor)
Формат:
Язык:испанский
Опубликовано: México : Patria, 1957, c1957
Редактирование:2a edición
Предметы:
Метки: Добавить метку
Нет меток, Требуется 1-ая метка записи!

MARC

LEADER 00000nam^a2200000^a^4500
001 000182275
005 20250521000000.0
009 20260310102000.554
037 |a Acervo ITESO - Biblioteca 
041 |a ESP 
082 |a 863.  |b VAL 
100 |a Valle-Arizpe, Artemio de  |e (autor) 
240 1 1 |a [Tradiciones, leyendas y sucedidos del México virreinal] 
245 1 0 |a Sala de tapices /  |c A. de Valle-Arizpe. 
250 |a 2a edición 
264 4 |a México :  |b Patria,  |c 1957, c1957 
300 |a 221 p. 
336 |a texto  |b txt  |2 rdacontenido 
337 |a sin mediación  |b n  |2 rdamedio 
338 |a volumen  |b nc  |2 rdasoporte 
520 |a Artemio de Valle-Arizpe nació en Saltillo, Coahuila en 1884 y murió en la ciudad de México en 1961. Ocupó cargos diplomáticos en varios países europeos. Su obra se ocupó con pasión de sucesos y leyendas históricos, más con un interés por la narración literaria que por la documentación y elaboración histórica. Algunas de sus obras más conocidas son: Del tiempo pasado, Cuentos del México antiguo, El Canillitas, La Güera Rodríguez. 
649 |a XX 
650 |a Crónicas Mexicanas 
650 |a Leyendas Mexicanas 
650 |a Cuentos Mexicanos 
650 |a Literatura Mexicana -  |y Siglo XX 
650 |a México -  |x Historia -  |y Virreinato, 1535-1821 
650 |a México -  |x Historia -  |y Epoca Colonial, 1517-1821 
650 |a México -  |x Historia 
910 |a Fondo General 
920 |a Impresos - Libros 
930 |a Colección General 
940 |a Literatura 
905 |a 101 
901 |a 0500122211  |b IT1  |c LIT  |u 20250521 
902 |a https://opac.biblio.iteso.mx/vufind/Record/000182275